书目信息 |
| 题名: |
严济慈 : 法兰西情书
|
|
| 作者: | 严济慈 著 ;煦峰 , 文菂 编 | |
| 分册: | ||
| 出版信息: | 北京 解放军出版社 2002.11 |
|
| 页数: | [18], 356页, [4] 页图版 | |
| 开本: | 21cm | |
| 丛书名: | 中国院士笔谈录 | |
| 单 册: | ||
| 中图分类: | K826.11 | |
| 科图分类: | ||
| 主题词: | 物理学家--wu li xue jia--中国--现代--书信集 | |
| 电子资源: | ||
| ISBN: | 7-5065-4263-3 | |
| 000 | 01180nam 2200313 450 | |
| 001 | 012008313734 | |
| 005 | 20080317111255.26 | |
| 010 | @a7-5065-4263-3@dCNY19.00 | |
| 100 | @a20080317d2002 km y0chiy0120 ea | |
| 101 | @achi | |
| 102 | @aCN@b110000 | |
| 105 | @aaf z 000ed | |
| 106 | @ar | |
| 200 | 1 | @a严济慈 : 法兰西情书@Ayan ji ci:fa lan xi qing shu@e爱国·爱家·爱人@f严济慈著@Fyan ji ci zhu@g煦峰, 文菂编@Gxu feng,wen di bian |
| 210 | @a北京@c解放军出版社@d2002.11 | |
| 215 | @a[18], 356页, [4] 页图版@c图 (部分彩图)@d21cm | |
| 225 | 2 | @a中国院士笔谈录@Azhong guo yuan shi bi tan lu |
| 330 | @a本书收录严济慈的爱情书信,有“我没有想你却又刻刻想你”、“我心似水志如舟”、“月儿,请替我传话”、“爱情需要用心用神灌注”等。 | |
| 410 | 0 | @12001 @a中国院士笔谈录 |
| 517 | 1 | @a爱国·爱家·爱人@Aai guo·ai jia·ai ren |
| 517 | 1 | @a法兰西情书@Afa lan xi qing shu |
| 600 | 0 | @a严济慈,@f1900-1996@j书信集 |
| 606 | 0 | @a物理学家@Awu li xue jia@y中国@z现代@j书信集 |
| 690 | @aK826.11@v4 | |
| 701 | 0 | @a严济慈@Ayan ji ci@4著 |
| 702 | 0 | @a煦峰@Axu feng@4编 |
| 702 | 0 | @a文菂@Awen di@4编 |
| 801 | 0 | @aCN@bQSSK@c20080317 |
| 905 | @b20286515-17@dK826.11@eY050@f3 | |
| 严济慈 : 法兰西情书:爱国·爱家·爱人/严济慈著/煦峰, 文菂编.-北京:解放军出版社,2002.11 |
| [18], 356页, [4] 页图版:图 (部分彩图);21cm.-(中国院士笔谈录) |
| ISBN 7-5065-4263-3:CNY19.00 |
| 本书收录严济慈的爱情书信,有“我没有想你却又刻刻想你”、“我心似水志如舟”、“月儿,请替我传话”、“爱情需要用心用神灌注”等。 |
| ● |
| 相关链接 |
|
|
|
正题名:严济慈 : 法兰西情书
索取号:K826.11/Y050
 
预约/预借
| 序号 | 登录号 | 条形码 | 馆藏地/架位号 | 状态 | 备注 |
| 1 | 286515 | 202865159 | 社科库309/309社科库 55排5列1层/ [索取号:K826.11/Y050] | 在馆 | |
| 2 | 286516 | 202865168 | 社科库309/309社科库 55排5列1层/ [索取号:K826.11/Y050] | 在馆 | |
| 3 | 286517 | 202865177 | 社科库309/309社科库 55排5列1层/ [索取号:K826.11/Y050] | 在馆 |